000 00921nam a2200241 a 4500
001 71378
003 BD-RjUL
005 20211209082115.0
008 170502s1971 ii a|||| |||| 001 ||ben d
020 _c: Tk. 22.00
035 _a(BD-RjUL)71594
040 _aBD-RjUL
_bben
_cBD-RjUL
041 _aben
082 _223
_a891.4409
_bGOR 1971
100 1 _aগোস্বামী, পরিমল
_9118873
245 1 0 _aপত্রস্মৃতি /
_cপরিমল গোস্বামী
260 _aকলকাতা :
_bশতদল গোস্বামী,
_c১৯৭১
300 _a৪৪৮ পৃ. :
_bচিত্র ;
_c২১ সেমি.
500 _aনির্ঘণ্ট সংযুক্ত
650 _aবাংলা সাহিত্য
_xইতিহাস ও সমালোচনা
_9211209
650 _aBengali Literature
_xHistory and Criticism
_9211210
942 _2ddc
_cBK
999 _c71378
_d71378